<?xml version="1.0" encoding="UTF-8"?>
<record
    xmlns:xsi="http://www.w3.org/2001/XMLSchema-instance"
    xsi:schemaLocation="http://www.loc.gov/MARC21/slim http://www.loc.gov/standards/marcxml/schema/MARC21slim.xsd"
    xmlns="http://www.loc.gov/MARC21/slim">

  <leader>02101aam a2200373 i 4500</leader>
  <controlfield tag="001">830525</controlfield>
  <controlfield tag="003">CO-MdUADB</controlfield>
  <controlfield tag="005">20260506095906.0</controlfield>
  <controlfield tag="007">ta</controlfield>
  <controlfield tag="008">030710t20011992sp ||||gr||||   0   spa d</controlfield>
  <datafield tag="020" ind1=" " ind2=" ">
    <subfield code="a">8483073919</subfield>
    <subfield code="q">ISBN-10</subfield>
  </datafield>
  <datafield tag="020" ind1=" " ind2=" ">
    <subfield code="a">9788483073919</subfield>
    <subfield code="q">ISBN-13</subfield>
  </datafield>
  <datafield tag="035" ind1=" " ind2=" ">
    <subfield code="a">830525</subfield>
  </datafield>
  <datafield tag="035" ind1=" " ind2=" ">
    <subfield code="a">(OCoLC)48637070</subfield>
  </datafield>
  <datafield tag="040" ind1=" " ind2=" ">
    <subfield code="c">CO-MdUADB</subfield>
    <subfield code="a">CO-MdUADB</subfield>
    <subfield code="b">spa</subfield>
    <subfield code="e">rda</subfield>
  </datafield>
  <datafield tag="041" ind1="1" ind2=" ">
    <subfield code="a">spa</subfield>
    <subfield code="h">ger</subfield>
  </datafield>
  <datafield tag="082" ind1=" " ind2="4">
    <subfield code="a">142</subfield>
  </datafield>
  <datafield tag="100" ind1="1" ind2=" ">
    <subfield code="a">Blumenberg, Hans,</subfield>
    <subfield code="d">1920-1996</subfield>
    <subfield code="4">aut</subfield>
    <subfield code="0">(isni)0000000121490123</subfield>
    <subfield code="0">(viaf)120134315</subfield>
    <subfield code="e">aut</subfield>
    <subfield code="9">292238</subfield>
  </datafield>
  <datafield tag="245" ind1="1" ind2="3">
    <subfield code="a">La inquietud que atraviesa el r&#xED;o : </subfield>
    <subfield code="b">ensayo sobre la met&#xE1;fora /</subfield>
    <subfield code="c">Hans Blumenberg</subfield>
  </datafield>
  <datafield tag="246" ind1="1" ind2="1">
    <subfield code="a">Die Serge ghet &#xFC;ber den Fluss</subfield>
  </datafield>
  <datafield tag="250" ind1=" " ind2=" ">
    <subfield code="a">1. edici&#xF3;n</subfield>
  </datafield>
  <datafield tag="264" ind1=" " ind2="4">
    <subfield code="a">Barcelona :</subfield>
    <subfield code="b">Ediciones Pen&#xED;nsula,</subfield>
    <subfield code="c">2001.</subfield>
  </datafield>
  <datafield tag="300" ind1=" " ind2=" ">
    <subfield code="a">175 p&#xE1;ginas</subfield>
  </datafield>
  <datafield tag="490" ind1="1" ind2="0">
    <subfield code="a">Historia, Ciencia, Sociedad ;</subfield>
    <subfield code="v">320</subfield>
  </datafield>
  <datafield tag="505" ind1="2" ind2="0">
    <subfield code="t">Apuros n&#xE1;uticos. -- </subfield>
    <subfield code="t">Lo quiz&#xE1; perdido. -- </subfield>
    <subfield code="t">Diferencias de fondo. -- </subfield>
    <subfield code="t">Algo as&#xED; como el orden del mundo. -- </subfield>
    <subfield code="t">Faltas. -- </subfield>
    <subfield code="t">La inquietud de la existencia.</subfield>
  </datafield>
  <datafield tag="520" ind1="3" ind2=" ">
    <subfield code="a">La inquietud que atraviesa el r&#xED;o constituye uno de los ensayos m&#xE1;s bellos y sugerentes sobre los motivos literarios y culturales de una met&#xE1;fora cl&#xE1;sica, la del naufragio. Derivaciones extravagantes, momentos  de tensi&#xF3;n intelectual, incluso en la epis&#xF3;dico y lo anecd&#xF3;tico, coinciden en esta historia de la literatura occidental desde los cl&#xE1;sicos griegos hasta las novelas de Thomas Mann; en ella, la met&#xE1;fora del naufragio se convierte en el hilo conductor de un panorama de la cultura europea. Escrito con una gran variedad de ejemplos y una prosa accesible, este libro de Hans Blumenberg es tremendamente recomendable para todos los lectores &#xE1;vidos de conocer una parte de nuestra historia cultural.</subfield>
  </datafield>
  <datafield tag="650" ind1=" " ind2="7">
    <subfield code="a">Met&#xE1;fora</subfield>
    <subfield code="2">lemb</subfield>
    <subfield code="9">2382</subfield>
  </datafield>
  <datafield tag="650" ind1=" " ind2=" ">
    <subfield code="a">Existencialismo aleman</subfield>
    <subfield code="9">76079</subfield>
  </datafield>
  <datafield tag="650" ind1=" " ind2="0">
    <subfield code="a">Fondo Marta Cecilia V&#xE9;lez Saldarriaga</subfield>
    <subfield code="9">230705</subfield>
  </datafield>
  <datafield tag="700" ind1="1" ind2=" ">
    <subfield code="9">416028</subfield>
    <subfield code="a">Vigil, Jorge</subfield>
    <subfield code="e">trl</subfield>
  </datafield>
  <datafield tag="700" ind1="1" ind2=" ">
    <subfield code="9">370186</subfield>
    <subfield code="a">Garc&#xED;a Serrano, Manuel,</subfield>
    <subfield code="e">trl</subfield>
    <subfield code="d">1959-</subfield>
  </datafield>
  <datafield tag="830" ind1=" " ind2="0">
    <subfield code="a">Historia, Ciencia, Sociedad (Ediciones Pen&#xED;nsula)</subfield>
    <subfield code="v">320</subfield>
    <subfield code="9">855813</subfield>
  </datafield>
  <datafield tag="942" ind1=" " ind2=" ">
    <subfield code="c">BOOKR</subfield>
    <subfield code="2">ddc</subfield>
  </datafield>
  <datafield tag="999" ind1=" " ind2=" ">
    <subfield code="c">291450</subfield>
    <subfield code="d">291450</subfield>
  </datafield>
  <datafield tag="952" ind1=" " ind2=" ">
    <subfield code="0">0</subfield>
    <subfield code="1">0</subfield>
    <subfield code="2">ddc</subfield>
    <subfield code="4">0</subfield>
    <subfield code="7">0</subfield>
    <subfield code="8">GEN</subfield>
    <subfield code="a">BC</subfield>
    <subfield code="b">BC</subfield>
    <subfield code="d">2003-07-10</subfield>
    <subfield code="i">C796012</subfield>
    <subfield code="l">8</subfield>
    <subfield code="m">6</subfield>
    <subfield code="o">142.78 B658i</subfield>
    <subfield code="p">61000004978573</subfield>
    <subfield code="r">2026-01-27 08:25:26</subfield>
    <subfield code="s">2025-08-04</subfield>
    <subfield code="t">1</subfield>
    <subfield code="w">2023-04-25</subfield>
    <subfield code="y">BOOK</subfield>
  </datafield>
</record>
